Sitaram, Dinkar (Record no. 519)
[ view plain ]
| 000 -LEADER | |
|---|---|
| fixed length control field | 00386nam a2200133Ia 4500 |
| 008 - FIXED-LENGTH DATA ELEMENTS--GENERAL INFORMATION | |
| fixed length control field | 151015s9999 xx 000 0 und d |
| 050 ## - LIBRARY OF CONGRESS CALL NUMBER | |
| Classification number | QA 76. 575. S57 2000 |
| 245 ## - TITLE STATEMENT | |
| Title | Sitaram, Dinkar |
| 250 ## - EDITION STATEMENT | |
| Edition statement | _Multimedia servers |
| 300 ## - PHYSICAL DESCRIPTION | |
| Extent | USA Morgan Kaufmann 2000 |
| 500 ## - GENERAL NOTE | |
| General note | includes index |
| 650 ## - SUBJECT ADDED ENTRY--TOPICAL TERM | |
| Topical term or geographic name as entry element | _Applications, environments, and design |
| 700 ## - ADDED ENTRY--PERSONAL NAME | |
| Personal name | ^d20110106 03:12:08^okoech |
No items available.